[Event "Teplice op 18th"]
[Site "Teplice"]
[Date "2025.06.22"]
[Round "9"]
[White "Cherniack, Alex"]
[Black "Zadrapa, Radek"]
[Result "0-1"]
[WhiteElo "2212"]
[BlackElo "2033"]
[PlyCount "128"]
[EventDate "2025.06.14"]
[EventType "swiss"]
[EventRounds "9"]
[EventCountry "CZE"]
[SourceTitle "CB26_2025"]
[SourceDate "2025.06.25"]
[SourceVersion "1"]
[SourceVersionDate "2025.06.25"]
[SourceQuality "1"]

1. d4 Nf6 2. c4 g6 3. Nc3 Bg7 4. e4 d6 5. f3 0-0 6. Be3 e5 7. d5 c5 8. Bd3 Nh5 9. Nge2 f5 10. Qd2 f4 11. Bf2 Na6 12. a3 Bd7 13. Rb1 g5 14. h3 b6 15. Nb5 Qe7 16. Kd1 Nf6 17. Kc2 Ne8 18. Nec3 Nac7 19. b4 Nxb5 20. Nxb5 Nf6 21. Kb3 Rfc8 22. Rhc1 Ne8 23. Ka2 Bf8 24. Qe2 Nf6 25. Be1 Be8 26. Bc3 Nd7 27. Be1 cxb4 28. axb4 a5 29. Kb2 axb4 30. Bxb4 Nc5 31. Bc2 Qd8 32. Ra1 Be7 33. Qd1 Bd7 34. Nc3 Na6 35. Kb3 Qc7 36. Qe2 Nxb4 37. Kxb4 Qc5+ 38. Kb3 Ra5 39. Rxa5 bxa5 40. Bd3 a4+ 41. Ka2 Bd8 42. Rb1 Ba5 43. Nb5 Rb8 44. Qc2 Bxb5 45. cxb5 Bb6 46. Qxc5 Bxc5 47. Rc1 Kf7 48. Rc4 Rxb5 49. Rxa4 Rb7 50. Bc4 Kg7 51. Bb3 Kh6 52. Rc4 Kh5 53. Rc2 Kh4 54. Bc4 Kg3 55. Bf1 h5 56. Bc4 Bd4 57. Bd3 Rb2+ 58. Rxb2 Bxb2 59. Kxb2 Kxg2 60. Kc2 Kxf3 61. Kd2 Kg2 62. Ke1 f3 63. Bf1+ Kg1 64. h4 g4 0-1

[Event "Klatovy op-A 29th"]
[Site "Klatovy"]
[Date "2023.07.06"]
[Round "6"]
[White "Zadrapa, Radek"]
[Black "Simak, Roman"]
[Result "0-1"]
[WhiteElo "2014"]
[BlackElo "1838"]
[PlyCount "118"]
[EventDate "2023.07.01"]
[EventType "swiss"]
[EventRounds "9"]
[EventCountry "CZE"]
[SourceTitle "CBM 215 Extra"]
[Source "ChessBase"]
[SourceDate "2023.09.30"]
[SourceVersion "1"]
[SourceVersionDate "2023.09.30"]
[SourceQuality "1"]

1. d4 f5 2. g3 Nf6 3. Bg2 e6 4. c4 d5 5. b3 c6 6. Nh3 a5 7. 0-0 Be7 8. Bb2 0-0 9. Nd2 Na6 10. Rc1 Bd7 11. f3 b5 12. c5 Be8 13. Nf4 Nc7 14. Nd3 Nd7 15. Qc2 Bg6 16. Nf4 Be8 17. e4 Bg5 18. Nh3 Be3+ 19. Kh1 Bg6 20. Rce1 Bh6 21. Bc1 fxe4 22. fxe4 Nf6 23. Nf4 Bxf4 24. Rxf4 dxe4 25. Nxe4 Ncd5 26. Rh4 Nb4 27. Qd2 Nxe4 28. Bxe4 Bxe4+ 29. Rhxe4 Qd5 30. Qg2 Nd3 31. Rxe6 Nxe1 32. Rxe1 Qxg2+ 33. Kxg2 Rae8 34. Rxe8 Rxe8 35. Kf2 Kf7 36. Bf4 Ke6 37. Be5 g6 38. Ke3 Kd5 39. Kf4 h6 40. h4 Rf8+ 41. Kg4 Rf5 42. Kh3 h5 43. Kg2 Rxe5 44. dxe5 Kxe5 45. Kf3 Kd4 46. Kf4 Kxc5 47. Kg5 Kd5 48. Kxg6 c5 49. Kxh5 c4 50. bxc4+ bxc4 51. g4 c3 52. g5 c2 53. g6 c1Q 54. g7 Qc8 55. Kg6 Qg8 56. h5 Ke6 57. a4 Ke7 58. h6 Ke6 59. Kg5 Qh7 0-1

[Event "Klatovy op-A 29th"]
[Site "Klatovy"]
[Date "2023.07.05"]
[Round "5"]
[White "Folk, Petr"]
[Black "Zadrapa, Radek"]
[Result "1-0"]
[WhiteElo "2131"]
[BlackElo "2014"]
[PlyCount "63"]
[EventDate "2023.07.01"]
[EventType "swiss"]
[EventRounds "9"]
[EventCountry "CZE"]
[SourceTitle "CBM 215 Extra"]
[Source "ChessBase"]
[SourceDate "2023.09.30"]
[SourceVersion "1"]
[SourceVersionDate "2023.09.30"]
[SourceQuality "1"]

1. e4 c5 2. Nf3 d6 3. d4 cxd4 4. Nxd4 Nf6 5. Nc3 a6 6. Bg5 e6 7. f4 Be7 8. Qf3 Qc7 9. 0-0-0 Nbd7 10. g4 b5 11. Bxf6 Nxf6 12. g5 Nd7 13. f5 0-0 14. Qg3 b4 15. Nce2 Kh8 16. fxe6 Nc5 17. Bg2 fxe6 18. e5 d5 19. Nf4 Bd7 20. Kb1 a5 21. h4 a4 22. h5 Kg8 23. Ng6 Rf7 24. Rhf1 hxg6 25. hxg6 Rxf1 26. Rxf1 Be8 27. Nxe6 Qd7 28. Nf4 Ne4 29. Bxe4 dxe4 30. Qh4 Bxg5 31. Qh7+ Kf8 32. Nd5+ 1-0

[Event "CZE-chT2F 2223"]
[Site "Czech Republic"]
[Date "2022.11.20"]
[Round "3"]
[White "Vesely, Martin"]
[Black "Zadrapa, Radek"]
[Result "1/2-1/2"]
[WhiteElo "2024"]
[BlackElo "2035"]
[PlyCount "182"]
[EventDate "2022.10.16"]
[EventType "team-tourn"]
[EventRounds "11"]
[EventCountry "CZE"]
[SourceTitle "EXT 2024"]
[Source "ChessBase"]
[SourceDate "2023.10.10"]
[SourceVersion "1"]
[SourceVersionDate "2023.10.10"]
[SourceQuality "1"]
[WhiteTeam "Ostrava II"]
[BlackTeam "Vsetin"]
[WhiteTeamCountry "CZE"]
[BlackTeamCountry "CZE"]

1. d4 Nf6 2. Nf3 g6 3. c4 Bg7 4. Nc3 0-0 5. e4 d6 6. Be2 e5 7. 0-0 Na6 8. Bg5 h6 9. Bh4 g5 10. Bg3 Nh5 11. d5 Nf4 12. Nd2 Nc5 13. Bg4 a5 14. f3 Ncd3 15. Bxc8 Rxc8 16. Rb1 c6 17. Qb3 Qc7 18. Na4 h5 19. Bf2 cxd5 20. Bb6 dxc4 21. Qc2 Nb4 22. Qd1 Qc6 23. g3 Ne6 24. Bxa5 Qb5 25. Bxb4 Qxb4 26. a3 Qa5 27. Nc3 Qc5+ 28. Kg2 Rce8 29. Rf2 Nd4 30. Qf1 b5 31. Nd5 f5 32. a4 fxe4 33. fxe4 Rxf2+ 34. Qxf2 bxa4 35. Nf6+ Bxf6 36. Qxf6 Ne6 37. Rf1 Qc7 38. Qg6+ Ng7 39. Qxg5 c3 40. bxc3 Qxc3 41. Rb1 Qc6 42. Rb4 a3 43. Rc4 Qd7 44. Qe3 Ra8 45. Qb3 Kh8 46. Rc2 Ne6 47. Ra2 Nd4 48. Qe3 Qg4 49. Nc4 Rf8 50. Rxa3 Ne2 51. Ra1 Nf4+ 52. Kh1 Nh3 53. Nxd6 Nf2+ 54. Kg1 Nh3+ 55. Kg2 Nf4+ 56. Kh1 Nh3 57. Re1 Nf2+ 58. Kg1 Nh3+ 59. Kg2 Rf2+ 60. Kh1 Rb2 61. Nf7+ Kg7 62. Nxe5 Qxe4+ 63. Qxe4 Nf2+ 64. Kg1 Nh3+ 65. Kh1 Nf2+ 66. Kg2 Nxe4+ 67. Kh3 Nf6 68. Rf1 Re2 69. Rf5 Ra2 70. Nf3 Kg6 71. Nh4+ Kg7 72. Rb5 Rf2 73. Ng2 Kh6 74. Nf4 Ra2 75. Rb6 Kg5 76. Rb5+ Kh6 77. Rf5 Ne4 78. Rxh5+ Kg7 79. Rb5 Kh6 80. Re5 Nf6 81. Re2 Ra3 82. Kh4 Ra6 83. g4 Ra4 84. g5+ Kh7 85. gxf6 Rxf4+ 86. Kg5 Rf1 87. Re4 Kg8 88. h4 Kf7 89. Re7+ Kf8 90. h5 Rg1+ 91. Kf5 Rf1+ 1/2-1/2

[Event "CZE-chT1E 1920"]
[Site "Czech Republic"]
[Date "2020.03.01"]
[Round "9.3"]
[White "Vesely, Libor"]
[Black "Zadrapa, Radek"]
[Result "1-0"]
[WhiteElo "2216"]
[BlackElo "2070"]
[PlyCount "61"]
[EventDate "2019.10.20"]
[EventType "team-tourn"]
[EventRounds "11"]
[EventCountry "CZE"]
[SourceTitle "CBM 195 Extra"]
[Source "ChessBase"]
[SourceDate "2020.05.31"]
[SourceVersion "1"]
[SourceVersionDate "2020.05.31"]
[SourceQuality "1"]
[WhiteTeam "Poruba Slavoj II"]
[BlackTeam "Vsetin"]
[WhiteTeamCountry "CZE"]
[BlackTeamCountry "CZE"]

1. e4 c5 2. Nf3 d6 3. d4 cxd4 4. Nxd4 Nf6 5. Nc3 a6 6. Bc4 e6 7. Bb3 b5 8. 0-0 Be7 9. f4 Qc7 10. Kh1 Nc6 11. f5 Nxd4 12. Qxd4 0-0 13. Bg5 Rb8 14. Rad1 b4 15. Ne2 Kh8 16. Ng3 a5 17. Rf3 Rb5 18. Qd3 Rb6 19. Bxf6 Bxf6 20. Nh5 Bxb2 21. fxe6 a4 22. Rxf7 Rxf7 23. exf7 Qe7 24. Qf3 Qf8 25. Bd5 g6 26. Nf4 Rb8 27. Be6 Bg7 28. Qh3 Bh6 29. Rf1 Bxf4 30. Rxf4 b3 31. Qc3+ 1-0

[Event "Prague op"]
[Site "Prague"]
[Date "2020.02.14"]
[Round "1"]
[White "Kapnisis, Spyridon"]
[Black "Zadrapa, Radek"]
[Result "1-0"]
[WhiteElo "2471"]
[BlackElo "2066"]
[PlyCount "91"]
[EventDate "2020.02.14"]
[EventType "swiss"]
[EventRounds "9"]
[EventCountry "CZE"]
[SourceTitle "CBM 195 Extra"]
[Source "ChessBase"]
[SourceDate "2020.05.31"]
[SourceVersion "1"]
[SourceVersionDate "2020.05.31"]
[SourceQuality "1"]

1. c4 Nf6 2. Nc3 c5 3. g3 Nc6 4. Bg2 g6 5. e3 Bg7 6. Nge2 0-0 7. 0-0 Rb8 8. d4 d6 9. b3 Qa5 10. d5 Ne5 11. h3 a6 12. f4 Ned7 13. Bd2 Qc7 14. a4 b6 15. g4 h6 16. Ng3 Re8 17. h4 Nf8 18. Bf3 Bd7 19. g5 N6h7 20. gxh6 Bxh6 21. Be2 Qc8 22. Nce4 Nf6 23. Bc3 N8h7 24. Bf3 Bg7 25. Nxf6+ Nxf6 26. Re1 b5 27. axb5 axb5 28. Ra7 Ra8 29. Rxa8 Qxa8 30. e4 bxc4 31. e5 Nh7 32. bxc4 Qa3 33. Qd3 Rb8 34. Ra1 Qb3 35. Bd1 Qb7 36. h5 Be8 37. Bc2 Nf8 38. exd6 exd6 39. Bxg7 Kxg7 40. Qc3+ f6 41. h6+ Kf7 42. Ne4 Qe7 43. Re1 Qd8 44. Ng5+ Kg8 45. Ne6 Bf7 46. Nxd8 1-0

[Event "CZE-chT1E 1920"]
[Site "Czech Republic"]
[Date "2020.01.19"]
[Round "6.3"]
[White "Zadrapa, Radek"]
[Black "Fargac, Martin"]
[Result "1/2-1/2"]
[WhiteElo "2070"]
[BlackElo "2249"]
[PlyCount "74"]
[EventDate "2019.10.20"]
[EventType "team-tourn"]
[EventRounds "11"]
[EventCountry "CZE"]
[SourceTitle "CBM 194 Extra"]
[Source "ChessBase"]
[SourceDate "2020.03.31"]
[SourceVersion "1"]
[SourceVersionDate "2020.03.31"]
[SourceQuality "1"]
[WhiteTeam "Vsetin"]
[BlackTeam "Trinec"]
[WhiteTeamCountry "CZE"]
[BlackTeamCountry "CZE"]

1. e4 e5 2. Nf3 Nc6 3. Bb5 a6 4. Ba4 Nf6 5. 0-0 Nxe4 6. d4 b5 7. Bb3 d5 8. dxe5 Be6 9. Qe2 Be7 10. Rd1 0-0 11. c4 bxc4 12. Bxc4 Qd7 13. Nc3 Nxc3 14. bxc3 Rfd8 15. Bxa6 Bg4 16. Bd3 Qe6 17. Bf4 h6 18. a4 Bc5 19. Re1 Bf5 20. Bxf5 Qxf5 21. Qb5 Bb6 22. Qxc6 Qxf4 23. e6 fxe6 24. Rxe6 Kh7 25. h3 Ra5 26. Re8 Rd6 27. Qb7 Rxa4 28. Rxa4 Qxa4 29. Qc8 Rf6 30. Rh8+ Kg6 31. Ne5+ Kg5 32. Nf3+ Kg6 33. c4 h5 34. cxd5 Qa1+ 35. Kh2 Rxf3 36. gxf3 Qe5+ 37. Kg2 Qg5+ 1/2-1/2

[Event "CZE-chT1E 1920"]
[Site "Czech Republic"]
[Date "2020.01.05"]
[Round "5.5"]
[White "Horsak, Jan"]
[Black "Zadrapa, Radek"]
[Result "1/2-1/2"]
[WhiteElo "2046"]
[BlackElo "2070"]
[PlyCount "36"]
[EventDate "2019.10.20"]
[EventType "team-tourn"]
[EventRounds "11"]
[EventCountry "CZE"]
[SourceTitle "CBM 194 Extra"]
[Source "ChessBase"]
[SourceDate "2020.03.31"]
[SourceVersion "1"]
[SourceVersionDate "2020.03.31"]
[SourceQuality "1"]
[WhiteTeam "Stare Mesto"]
[BlackTeam "Vsetin"]
[WhiteTeamCountry "CZE"]
[BlackTeamCountry "CZE"]

1. c4 e5 2. g3 Nf6 3. Bg2 d5 4. cxd5 Nxd5 5. Nf3 Nc6 6. Qa4 Nb6 7. Qc2 Be7 8. 0-0 0-0 9. a3 a5 10. d3 a4 11. Nbd2 Be6 12. b4 axb3 13. Nxb3 Qd6 14. Rb1 Ra7 15. Bb2 Na4 16. Ba1 Nb6 17. Bb2 Na4 18. Ba1 Nb6 1/2-1/2

[Event "Vsetin op 44th"]
[Site "Vsetin"]
[Date "2019.07.05"]
[Round "8"]
[White "Zadrapa, Radek"]
[Black "Mica, Marek"]
[Result "1-0"]
[WhiteElo "2025"]
[BlackElo "2222"]
[PlyCount "85"]
[EventDate "2019.06.29"]
[EventType "swiss"]
[EventRounds "9"]
[EventCountry "CZE"]
[SourceTitle "CBM 191 Extra"]
[Source "ChessBase"]
[SourceDate "2019.09.30"]
[SourceVersion "1"]
[SourceVersionDate "2019.09.30"]
[SourceQuality "1"]

1. e4 e6 2. Qe2 Be7 3. f4 c5 4. Nf3 Nc6 5. d3 b5 6. g3 Qc7 7. Bg2 d6 8. 0-0 Nf6 9. a4 b4 10. Nbd2 Ba6 11. Nc4 Nd7 12. Be3 Rc8 13. Bh3 Bf6 14. f5 Bxc4 15. dxc4 exf5 16. exf5 0-0 17. Rab1 Rfe8 18. b3 Nd4 19. Qd2 Nxc2 20. Bf2 Na3 21. Rbd1 Ne5 22. Bg2 Naxc4 23. bxc4 Nxc4 24. Qa2 Nb2 25. Rd2 Qd7 26. Rxb2 Bxb2 27. Qxb2 Qxf5 28. Nh4 Qd7 29. Bd5 Re5 30. Qb3 Rf8 31. Nf3 Rh5 32. Be3 h6 33. Nh4 Re5 34. Ng6 Rxd5 35. Qxd5 Re8 36. Bxc5 Re6 37. Nf4 Rf6 38. Bxb4 g5 39. Qa8+ Kh7 40. Qe4+ Kg8 41. Bc3 d5 42. Qe5 d4 43. Bxd4 1-0

[Event "Vsetin op 44th"]
[Site "Vsetin"]
[Date "2019.07.04"]
[Round "7"]
[White "Stancik, Jakub"]
[Black "Zadrapa, Radek"]
[Result "1/2-1/2"]
[WhiteElo "2096"]
[BlackElo "2025"]
[PlyCount "70"]
[EventDate "2019.06.29"]
[EventType "swiss"]
[EventRounds "9"]
[EventCountry "CZE"]
[SourceTitle "CBM 191 Extra"]
[Source "ChessBase"]
[SourceDate "2019.09.30"]
[SourceVersion "1"]
[SourceVersionDate "2019.09.30"]
[SourceQuality "1"]

1. e4 c5 2. Nf3 d6 3. d4 cxd4 4. Nxd4 Nf6 5. Nc3 a6 6. f3 Nc6 7. Be3 e5 8. Nb3 Be6 9. Nd5 Bxd5 10. exd5 Ne7 11. c4 Ng6 12. Bd3 Be7 13. 0-0 0-0 14. Qd2 Nh5 15. Bxg6 hxg6 16. Na5 Qc7 17. b4 f5 18. Rfd1 Nf6 19. c5 f4 20. Bf2 e4 21. Qxf4 exf3 22. Rac1 fxg2 23. cxd6 Qxd6 24. Qxd6 Bxd6 25. Bc5 Rad8 26. Nxb7 Bxc5+ 27. Rxc5 Rd7 28. Na5 Ne4 29. Rc6 Rdf7 30. Kxg2 Rf2+ 31. Kg1 Rxa2 32. Rxg6 Nf2 33. Rg2 Re2 34. Rc1 Nh3+ 35. Kh1 Nf2+ 1/2-1/2

[Event "Vsetin op 44th"]
[Site "Vsetin"]
[Date "2019.06.29"]
[Round "1"]
[White "Horak, Martin"]
[Black "Zadrapa, Radek"]
[Result "1-0"]
[WhiteElo "2244"]
[BlackElo "2025"]
[PlyCount "53"]
[EventDate "2019.06.29"]
[EventType "swiss"]
[EventRounds "9"]
[EventCountry "CZE"]
[SourceTitle "CBM 191 Extra"]
[Source "ChessBase"]
[SourceDate "2019.09.30"]
[SourceVersion "1"]
[SourceVersionDate "2019.09.30"]
[SourceQuality "1"]

1. Nf3 Nf6 2. c4 g6 3. Nc3 Bg7 4. e4 d6 5. d4 0-0 6. h3 a5 7. Bg5 Nc6 8. Be2 Bd7 9. g4 e5 10. d5 Nb4 11. Nd2 c6 12. h4 Qc8 13. Rg1 b5 14. a3 bxc4 15. axb4 axb4 16. Rxa8 Qxa8 17. Na4 Rb8 18. Bxf6 Bxf6 19. Nxc4 Bxh4 20. Nab6 Qa7 21. Rh1 g5 22. Nxd7 Qxd7 23. dxc6 Qa7 24. Rh2 Bg3 25. Rg2 Bf4 26. Qxd6 Ra8 27. c7 1-0

[Event "Vsetin op 43rd"]
[Site "Vsetin"]
[Date "2018.07.07"]
[Round "5"]
[White "Zadrapa, Radek"]
[Black "Hurtak, Otto"]
[Result "0-1"]
[WhiteElo "2054"]
[BlackElo "1958"]
[PlyCount "78"]
[EventDate "2018.07.04"]
[EventType "swiss"]
[EventRounds "9"]
[EventCountry "CZE"]
[SourceTitle "CBM 185 Extra"]
[Source "ChessBase"]
[SourceDate "2018.07.29"]
[SourceVersion "1"]
[SourceVersionDate "2018.07.29"]
[SourceQuality "1"]

1. d4 d5 2. c4 e6 3. Nf3 c5 4. e3 Nf6 5. Nc3 Nc6 6. cxd5 Nxd5 7. Be2 cxd4 8. exd4 Be7 9. 0-0 0-0 10. Re1 Bf6 11. Ne4 b6 12. Nxf6+ Nxf6 13. Bg5 Bb7 14. Rc1 Kh8 15. a3 Qd6 16. Bh4 Rfd8 17. Bg3 Qd5 18. Bc4 Qf5 19. b4 Kg8 20. h3 Rac8 21. Re2 Ne7 22. Ne5 Ned5 23. Rec2 Nf4 24. f3 N6h5 25. Bf2 f6 26. Ng4 Nxh3+ 27. gxh3 Rxc4 28. Rxc4 Bxf3 29. Qf1 Bb7 30. Rc7 Bd5 31. Bh4 Qe4 32. Rxg7+ Kxg7 33. Bxf6+ Kg6 34. Ne5+ Kh6 35. Ng4+ Kg6 36. Ne5+ Kh6 37. Bxd8 Qe3+ 38. Qf2 Qxc1+ 39. Kh2 Qh1# 0-1

[Event "Vsetin op 43rd"]
[Site "Vsetin"]
[Date "2018.07.04"]
[Round "1"]
[White "Zadrapa, Radek"]
[Black "Peterka, Josef"]
[Result "1/2-1/2"]
[WhiteElo "2054"]
[BlackElo "1820"]
[PlyCount "104"]
[EventDate "2018.07.04"]
[EventType "swiss"]
[EventRounds "9"]
[EventCountry "CZE"]
[SourceTitle "CBM 185 Extra"]
[Source "ChessBase"]
[SourceDate "2018.07.29"]
[SourceVersion "1"]
[SourceVersionDate "2018.07.29"]
[SourceQuality "1"]

1. d4 d5 2. c4 e6 3. Nf3 c6 4. e3 Bd6 5. Nbd2 Nd7 6. b3 f5 7. Bb2 Ngf6 8. Bd3 Ne4 9. 0-0 Qf6 10. Rc1 0-0 11. Qe2 g5 12. Ne1 Qh6 13. g3 Ndf6 14. f3 Nxd2 15. Qxd2 g4 16. Ng2 gxf3 17. Rxf3 Ne4 18. Bxe4 fxe4 19. Rxf8+ Qxf8 20. Rf1 Qg7 21. Nf4 Qg5 22. Bc3 Bd7 23. Bb4 Bc7 24. Qe2 Kh8 25. Qf2 e5 26. dxe5 Bxe5 27. cxd5 cxd5 28. Nxd5 Bg4 29. Be7 Qg7 30. Bf6 Bxf6 31. Qxf6 Bf3 32. Qxg7+ Kxg7 33. Nf4 Rc8 34. Ne6+ Kg6 35. Nd4 Bg4 36. Rf4 Bh3 37. Rxe4 Rc1+ 38. Kf2 Rf1+ 39. Ke2 Ra1 40. a4 Ra2+ 41. Kd3 Rxh2 42. Re7 Bf1+ 43. Kc3 Bg2 44. Ne2 Bc6 45. Nf4+ Kf6 46. Rc7 a6 47. a5 Rh1 48. Kb4 Re1 49. Rxh7 Rxe3 50. Rc7 Re5 51. Nd3 Rb5+ 52. Kc3 Rxa5 1/2-1/2

[Event "CZE-chT2E 1718"]
[Site "Czech Republic"]
[Date "2018.02.11"]
[Round "8.5"]
[White "Tikovsky, Alexander"]
[Black "Zadrapa, Radek"]
[Result "1-0"]
[WhiteElo "2140"]
[BlackElo "2032"]
[PlyCount "65"]
[EventDate "2017.10.15"]
[EventType "team-tourn"]
[EventRounds "11"]
[EventCountry "CZE"]
[SourceTitle "EXT 2022"]
[Source "ChessBase"]
[SourceDate "2021.10.06"]
[SourceVersion "1"]
[SourceVersionDate "2021.10.06"]
[SourceQuality "1"]
[WhiteTeam "Brno Moravska Slavia II"]
[BlackTeam "Vsetin"]
[WhiteTeamCountry "CZE"]
[BlackTeamCountry "CZE"]

1. d4 d5 2. Bf4 Nf6 3. e3 c5 4. c3 e6 5. Nd2 Nbd7 6. Ngf3 Be7 7. Ne5 Nxe5 8. dxe5 Nd7 9. h4 0-0 10. Bd3 f5 11. g4 c4 12. Bc2 Nc5 13. gxf5 exf5 14. Nf3 Be6 15. Nd4 Qb6 16. Qd2 Rad8 17. Bg5 Bxg5 18. hxg5 Qxb2 19. Rb1 Qxa2 20. f3 Bc8 21. Qh2 Nd3+ 22. Kd2 Qa6 23. Qxh7+ Kf7 24. Rh6 Nxe5 25. Rxa6 bxa6 26. Bxf5 Rh8 27. Rb7+ Bxb7 28. Be6+ Ke7 29. Qxg7+ Kd6 30. Nf5+ Kc5 31. Qxe5 Bc6 32. g6 Rb8 33. Qd6+ 1-0

[Event "CZE-chT2E 1718"]
[Site "Czech Republic"]
[Date "2017.10.15"]
[Round "1.5"]
[White "Stanec, Stanislav"]
[Black "Zadrapa, Radek"]
[Result "0-1"]
[WhiteElo "2046"]
[BlackElo "2032"]
[PlyCount "86"]
[EventDate "2017.10.15"]
[EventType "team-tourn"]
[EventRounds "11"]
[EventCountry "CZE"]
[SourceTitle "EXT 2022"]
[Source "ChessBase"]
[SourceDate "2021.10.06"]
[SourceVersion "1"]
[SourceVersionDate "2021.10.06"]
[SourceQuality "1"]
[WhiteTeam "Prusanky Podluzan"]
[BlackTeam "Vsetin"]
[WhiteTeamCountry "CZE"]
[BlackTeamCountry "CZE"]

1. d4 Nf6 2. c4 g6 3. Nc3 Bg7 4. e4 d6 5. Nf3 0-0 6. Bd3 Nc6 7. d5 Nb4 8. Bb1 a5 9. 0-0 e5 10. a3 Na6 11. b4 Nh5 12. Bb2 Bg4 13. bxa5 Nc5 14. Bc2 Rxa5 15. h3 Bd7 16. Qd2 Ra8 17. Nh2 f5 18. exf5 gxf5 19. Ne2 f4 20. Ra2 f3 21. Nxf3 Rxf3 22. gxf3 Bxh3 23. Ng3 Nf4 24. Re1 Qg5 25. Bc1 Rf8 26. Be4 Qh4 27. Qc2 Rf6 28. Bxh7+ Qxh7 29. Qxh7+ Kxh7 30. Be3 Nfd3 31. Rd1 Rxf3 32. Kh2 Bd7 33. Kg2 Rf8 34. Rh1+ Kg6 35. Nh5 Bg4 36. Ng3 Bf3+ 37. Kg1 Bxh1 38. Kxh1 Bh6 39. Bxh6 Kxh6 40. Kg2 Kg5 41. Kg1 Ra8 42. Nf1 Kf4 43. Nd2 Ne4 0-1

[Event "Vsetin op"]
[Site "Vsetin"]
[Date "2017.07.07"]
[Round "8"]
[White "Horak, Martin"]
[Black "Zadrapa, Radek"]
[Result "1-0"]
[WhiteElo "2073"]
[BlackElo "2060"]
[PlyCount "105"]
[EventDate "2017.07.01"]
[EventType "swiss"]
[EventRounds "9"]
[EventCountry "CZE"]
[SourceTitle "CBM 179 Extra"]
[Source "ChessBase"]
[SourceDate "2017.08.23"]
[SourceVersion "1"]
[SourceVersionDate "2017.08.23"]
[SourceQuality "1"]

1. e4 c5 2. Nc3 Nc6 3. Bb5 Nd4 4. Bc4 e6 5. Nge2 Ne7 6. 0-0 g6 7. Nxd4 cxd4 8. Nb5 Nc6 9. c3 Qb6 10. d3 Bg7 11. Bf4 e5 12. Bg5 0-0 13. cxd4 Nxd4 14. Nxd4 Qxd4 15. Qb3 Qd6 16. Rac1 h6 17. Bd2 Qe7 18. Bd5 d6 19. Ba5 Be6 20. Rc7 Bxd5 21. Qxd5 Qe6 22. Qxe6 fxe6 23. Rxb7 Rfb8 24. Rb4 Rc8 25. Rc4 d5 26. Rcc1 h5 27. Bd2 Kf7 28. Rxc8 Rxc8 29. Rc1 Rxc1+ 30. Bxc1 Ke7 31. a4 Kd7 32. Be3 a5 33. b4 Kc6 34. Bd2 Bf8 35. Bc3 Bd6 36. f3 Kb6 37. Kf2 Kc6 38. Kg3 Kb6 39. Kh3 d4 40. Bd2 Be7 41. g4 Kc6 42. gxh5 gxh5 43. Kg3 Kb6 44. Kf2 Kc6 45. Ke2 Kb6 46. Kd1 Kc6 47. Kc2 Kb6 48. Kb3 Kc6 49. f4 Bd6 50. fxe5 Bxe5 51. h3 Bc7 52. Kc4 Bb6 53. Bf4 1-0

[Event "Vsetin op"]
[Site "Vsetin"]
[Date "2017.07.01"]
[Round "1"]
[White "Zadrapa, Radek"]
[Black "Roubalik, Jakub"]
[Result "0-1"]
[WhiteElo "2060"]
[BlackElo "2391"]
[PlyCount "110"]
[EventDate "2017.07.01"]
[EventType "swiss"]
[EventRounds "9"]
[EventCountry "CZE"]
[SourceTitle "CBM 179 Extra"]
[Source "ChessBase"]
[SourceDate "2017.08.23"]
[SourceVersion "1"]
[SourceVersionDate "2017.08.23"]
[SourceQuality "1"]

1. e4 c5 2. Nf3 d6 3. d4 cxd4 4. Qxd4 a6 5. Bc4 Nc6 6. Qd3 Nf6 7. a4 e6 8. Nc3 Be7 9. 0-0 0-0 10. Bf4 Qc7 11. Bb3 Ne5 12. Qe2 b6 13. Rad1 Bb7 14. Nd4 Rac8 15. Bc1 Nc4 16. f4 Rfe8 17. Rfe1 Bf8 18. Qd3 e5 19. fxe5 dxe5 20. Nf5 Qc5+ 21. Ne3 Nd6 22. Bd5 Bxd5 23. Ncxd5 Ndxe4 24. b4 Qc6 25. Qxa6 Nxd5 26. Nxd5 Nc3 27. b5 Qc4 28. Nxc3 Bc5+ 29. Be3 Qxc3 30. Bxc5 Qxc5+ 31. Kh1 Ra8 32. Qb7 Rxa4 33. Qc6 Qxc6 34. bxc6 Rc4 35. Rxe5 Kf8 36. Rb5 Rxc6 37. h3 Re2 38. Rd8+ Ke7 39. Rb8 Rcxc2 40. R8xb6 g6 41. Rg5 Re1+ 42. Kh2 h5 43. Rb4 Kf6 44. h4 Rf1 45. Rgb5 Rff2 46. Rg5 Kg7 47. Kg1 Rfe2 48. Kh2 Rf2 49. Kg1 Rf6 50. Rgb5 Rc1+ 51. Kh2 Rff1 52. Rb3 Rh1+ 53. Kg3 Rc4 54. Rb7 Rhxh4 55. Rf3 Rcg4+ 0-1

[Event "CZE-chT2E 1617"]
[Site "Czech Republic"]
[Date "2016.12.11"]
[Round "5.5"]
[White "Zadrapa, Radek"]
[Black "Zuziak, Petr"]
[Result "1/2-1/2"]
[WhiteElo "2072"]
[BlackElo "1940"]
[PlyCount "89"]
[EventDate "2016.09.10"]
[EventType "team-tourn"]
[EventRounds "11"]
[EventCountry "CZE"]
[SourceTitle "EXT 2022"]
[Source "ChessBase"]
[SourceDate "2021.10.06"]
[SourceVersion "1"]
[SourceVersionDate "2021.10.06"]
[SourceQuality "1"]
[WhiteTeam "Vsetin"]
[BlackTeam "Brno Duras II"]
[WhiteTeamCountry "CZE"]
[BlackTeamCountry "CZE"]

1. e4 Nc6 2. Nf3 d6 3. Bb5 Bg4 4. h3 Bh5 5. c3 Nf6 6. d4 a6 7. Ba4 b5 8. Bc2 e6 9. 0-0 Be7 10. Nbd2 0-0 11. Re1 e5 12. d5 Nb8 13. a4 Nbd7 14. Nf1 Nb6 15. Ng3 Bg6 16. a5 Nbd7 17. b4 Rc8 18. Bb3 c5 19. Bd2 c4 20. Bc2 Nh5 21. Nf5 Bxf5 22. exf5 Nhf6 23. Be3 h6 24. Nh2 Qc7 25. Qd2 Nh7 26. Rad1 Rfe8 27. g4 Bg5 28. Nf3 Qd8 29. Bxg5 Nxg5 30. Nxg5 Qxg5 31. Qxg5 hxg5 32. Kg2 Kf8 33. h4 gxh4 34. Rh1 f6 35. f3 Kf7 36. Rxh4 Rh8 37. Rdh1 Rxh4 38. Rxh4 Re8 39. Be4 Rc8 40. Kg3 Rg8 41. Rh5 Re8 42. Rh3 Rg8 43. Rh5 Nb8 44. Kh4 Nd7 45. Kg3 1/2-1/2

[Event "Vsetin op 41st"]
[Site "Vsetin"]
[Date "2016.07.07"]
[Round "7"]
[White "Ruzickova, Radka"]
[Black "Zadrapa, Radek"]
[Result "1/2-1/2"]
[WhiteElo "1857"]
[BlackElo "2040"]
[PlyCount "74"]
[EventDate "2016.07.02"]
[EventType "swiss"]
[EventRounds "9"]
[EventCountry "CZE"]
[SourceTitle "CBM 173 Extra"]
[Source "ChessBase"]
[SourceDate "2016.08.29"]
[SourceVersion "1"]
[SourceVersionDate "2016.08.29"]
[SourceQuality "1"]

1. e4 c5 2. Nc3 d6 3. g3 Nc6 4. Bg2 Nf6 5. d3 g6 6. f4 Bg7 7. Nf3 0-0 8. 0-0 Bd7 9. h3 Rb8 10. g4 Ne8 11. f5 b5 12. Ne2 b4 13. Qe1 Nd4 14. Nexd4 cxd4 15. fxg6 fxg6 16. e5 dxe5 17. Nxe5 Rxf1+ 18. Kxf1 Rb5 19. Nxd7 Qxd7 20. Bf4 h5 21. Bf3 Nf6 22. Qe2 Nd5 23. Bg5 Ne3+ 24. Bxe3 dxe3 25. Qxe3 Bxb2 26. Rb1 Bc3 27. Qe4 Kg7 28. Qc4 Rb6 29. Kg2 h4 30. g5 Qd4 31. Qxd4+ Bxd4 32. Re1 e5 33. Bd5 Rd6 34. Bc4 Rd7 35. Re4 Rd8 36. Rxh4 Rf8 37. Bb3 Rf2+ 1/2-1/2